La fertilización de los cultivos: un método racional
Salvato in:
| Autore principale: | |
|---|---|
| Natura: | Libro |
| Lingua: | spagnolo |
| Pubblicazione: |
Santiago
Pontificia Universidad Católica de Chile, Facultad de Agronomía
1993
|
| Serie: | Colección en agricultura
|
| Soggetti: | |
| Tags: |
Aggiungi Tag
Nessun Tag, puoi essere il primo ad aggiungerne!!
|
MARC
| LEADER | 00000nam a2200000 a 4500 | ||
|---|---|---|---|
| 001 | UCX9134 | ||
| 003 | CL-VaPUC | ||
| 008 | 940518e19930000CL |||||||||||||||||spa|d | ||
| 082 | 0 | 4 | |a 631.8 |b ROD |2 21 |
| 100 | |a Rodríguez Sanfuentes, José |e autor |9 525306 | ||
| 245 | 1 | 3 | |a La fertilización de los cultivos: un método racional |
| 300 | |a 291 p | ||
| 942 | |c BK | ||
| 945 | |d 19940518 00:00:00 |a mfernand | ||
| 260 | |a Santiago |b Pontificia Universidad Católica de Chile, Facultad de Agronomía |c 1993 | ||
| 650 | 0 | |a Cultivos |9 264356 | |
| 650 | 0 | |a Fertilizantes |9 262833 | |
| 650 | 7 | |a RELACION PLANTA-SUELO |2 CL-VaPUC |9 326458 | |
| 583 | |a last modification |c 19940518 00:00:00 |k Rodrigo Vera | ||
| 490 | 0 | |a Colección en agricultura | |
| 999 | |c 228456 |d 228454 | ||